Czech Republic City Quiz - Statistics

General Stats
  • This quiz has been taken 40 times
  • The average score is 5 of 6
Answer Stats
City % Correct
Brno
100%
Prague
100%
Ostrava
82%
Olomouc
70%
Liberec
61%
Pilsen
55%
No matching quizzes found
Score Distribution
Percent of People with Each Score
Percentile by Number Answered
Your Score History
You have not taken this quiz